Laporan tahunan Kementerian Pengangkutan

Bibliographic Details
Format: Book
Published: Kuala Lumpur : Kementerian pengangkutan
Series:Annually
Subjects:

MARC

LEADER 00000cam a2200000 7i4500
001 0000002835
005 20030603.0
040 |a INS 
090 0 0 |a HD890.6   |b M54 1984 
245 0 0 |a Laporan tahunan Kementerian Pengangkutan 
260 |a Kuala Lumpur :   |b Kementerian pengangkutan 
440 0 |a Annually 
500 |a Description based on Laporan Tahunan 1984 
650 0 0 |a Transportation   |z Malaysia 
999 |a 0000000975   |b BOOK   |c Open Shelf   |e Default branch